Statistics for Over all quiz

Click here to take the quiz!

General Stats

  • This quiz has been taken 20 times
  • The average score is 19 of 25

Answer Stats

QuestionAnswer% Correct
H- Which one of these wars happened first?Battle of Hastings
100%
M- What is 12 * 7?84
94%
H- Which country was Not in the Soviet Union?Finland
94%
R- What religion is streotyped for terrorism?Muslim
94%
G- what is the biggest country in the world?Russia
94%
G- What country had the largest empire?UK
94%
M- What is 93 - 57?36
89%
M- What is 122 + 246?368
89%
I- What is the brain of the Computer?CPU
89%
R- Which one of these is NOT a religionIranian
89%
R- What do buddhists think happen after death?Rebirth
89%
G- What river flows through Rome?River Tiber
89%
I- What does ROM stand for?Read Only Memory
83%
M- What is 63 / 97
78%
R- What is the major religion in Norway?Protestant
78%
H- What country owned the thirteen colonies of AmericaUK
78%
H- who was fighting in the 100 year war?England - France
72%
R- What is the god of christianity?God
72%
G- Which one of these countries are NOT on the equator?Mexico
72%
I- Which one of these is NOT an input?Speakers
67%
I- What is the smallest measurement for storage?b
61%
I- What is the architecture of the CPU calledVon Neumann
50%
G- which one of these countries do NOT border Russia?Armenia
33%
H- What country got the most out of the scramble for Africa?UK
22%
M- What is (7 * 5) -5 + 24 / 6 - 29?4
11%

Score Distribution

Percentile by Number Answered

Percent of People with Each Score

Your Score History

You have not taken this quiz